| 000 | 00489nam a2200169Ia 4500 | ||
|---|---|---|---|
| 999 |
_c9773 _d9773 |
||
| 020 | _a818531957X | ||
| 082 | _a954.166 LAL-M | ||
| 100 | _aLalrimawia | ||
| 245 | 0 | _aMizoram: history and cultural identity (1890-1947) | |
| 260 |
_aGuwahati _bSpectrum Publications _c1995 |
||
| 650 |
_aMizoram _vHistory _z1890-1947 |
||
| 650 |
_aMizoram _vSocial conditions _z1890-1947 |
||
| 650 | _aMizos, The | ||
| 650 |
_aMizoram _vPolitics and government |
||
| 650 |
_aCulture _zMizoram |
||
| 942 |
_cBK _2ddc |
||